000 00494nam a2200193Ia 4500
008 240510s9999 xx 000 0 und d
020 _a0000471058505
041 _aEng
082 _a519.233.5
082 _bM55
100 _aMONTGOMERY, Douglas, C,: PEAK, Elizabeth A.
245 0 _aIntroduction to linear regression analysis
260 _bNew York , John Wiley
260 _c1982
300 _a504 p.
650 _aStatistics : regression analysis
942 _2ddc
942 _cLBK
999 _c25396
_d25396
945 _a1
_bMadushi Gamage
_c1
_dMadushi Gamage